| 000 | 00570nam a22001817a 4500 | ||
|---|---|---|---|
| 999 |
_c190627 _d190627 |
||
| 005 | 20220801151547.0 | ||
| 010 | _aENG-134120 | ||
| 020 |
_a9789385133077 _c295.00 |
||
| 035 | _aEN-117652 | ||
| 037 | _bDBAB/PUB | ||
| 082 | _aS | ||
| 100 | _aChatura | ||
| 245 |
_aDrama Karma Dharma: _bThe Inner Voice, Are You Listening?/ _cChatura |
||
| 260 |
_aMumbai _bKetaki Prakashan Pvt. Ltd _c2017 |
||
| 270 |
_a22 Second Floor, 240-Perin Nariman (Bazar Gate) Street, Fort _bMumbai _e400001 _minfo@ketakiprakashan.com |
||
| 300 |
_a186p. _c22cm(pbk) |
||
| 942 |
_2ddc _cEN _hS _mCHA |
||